000 01153naa a22003017a 4500
001 BR9404716
003 BR-BrBNA
005 20250721155505.0
007 ta
008 250630b bl.|||m| |||| 00| 0 por d
040 _aBR-BrBNA
_bpor
_cBiblioteca Nacional de Agricultura
041 _a(En)
072 _aM12
_b8105
090 _aM12 BR9404716
100 1 _aBayley, P.B.
111 1 _a1. Simposio do Tropico Umido
_cBelem, PA (Brazil)
_d12-17 Nov 1984
245 1 _aAquatic productivity in the central Amazon "varzea" in the fishery yield
500 _aAnais do 1. Simposio do Tropico Umido. V. 5 Pastagem e producao animal Belem, PA (Brasil): 1986. p. 325-334 [Summaries (En, Pt); 28 ref.] (BR9404716-AMS)
773 0 _tAnais do 1. Simposio do Tropico Umido. V. 5 Pastagem e producao animal
_wM12 BR9404716
_gBelem, PA (Brasil), 1986. p. 325-334
650 _aPeixe
650 _aProducao
650 _aRendimento
650 _aVarzea
650 _aAmazonia
490 _aDocumentos - Centro de Pesquisa Agropecuaria do Tropico Umido (Brazil)
_vno. 36
_xISSN 0101-2835
942 _cAMS
_2AGRIS
909 _a202506
_bLúcia
_c55
_dLúcia Elande
999 _c336795
_d336795